LDR 00925nam a2200217 i 4500 001 000000127516 003 CaOOAMICUS 005 20260408103509.0 008 040618s2004 it u000 u ita u 020 $a88-02-06163-7 040 $aSeMil$bita 245 10$aIndice degli autori citati nei volumi 1.-21. e nel supplemento 2004 /$ca cura di Giovanni Ronco. 300 $a305 p. 700 1 $aRonco, Giovanni.$0(OLS)http://semarc/name/53056 773 0 $aBattaglia, Salvatore <1904-1971>$tGrande dizionario della lingua italiana.$dTorino : UTET, 1961-2009.$w()6614 850 $aSeMil 852 $aSeMil$W1$xVenegono$y1$mSL1.A VI 2$j269855$B81809$CSeMilBibl$Z2$F84041 $8I 961 $aSottoscrizione: UTET (Agente) 996 $6020$a88-02-06163-7$9(OLS)http://semarc/number/113962 996 $6245$aIndice degli autori citati nei volumi 1.-21. e nel supplemento 2004$9(OLS)http://semarc/title/188227